Niektoré aktuálne problémy riadenia akosti výrobkov československého priemyslu

Saved in:
Bibliographic Details
Main Author: Tuvora, Zdeněk
Format: Book
Language:Slovak
Published: Žilina Dom techn. ČSVTS 1990
Edition:1. vyd.
Tags: Add Tag
No Tags, Be the first to tag this record!

MARC

LEADER 00000nam a2200000 4500
001 c027985
005 20250926120404.0
041 0 |a slo 
044 |a SK 
245 1 0 |a Niektoré aktuálne problémy riadenia akosti výrobkov československého priemyslu  |c Zdeněk Tuvora 
250 |a 1. vyd. 
264 1 |a Žilina  |b Dom techn. ČSVTS  |c 1990 
300 |a 23 s. 
100 1 |a Tuvora, Zdeněk